<?xml version="1.0" encoding="UTF-8"?>
<record
    xmlns:xsi="http://www.w3.org/2001/XMLSchema-instance"
    xsi:schemaLocation="http://www.loc.gov/MARC21/slim http://www.loc.gov/standards/marcxml/schema/MARC21slim.xsd"
    xmlns="http://www.loc.gov/MARC21/slim">

  <leader>00311nam a22001457a 4500</leader>
  <controlfield tag="003">SGT</controlfield>
  <datafield tag="020" ind1=" " ind2=" ">
    <subfield code="a">9789380751788</subfield>
  </datafield>
  <datafield tag="082" ind1=" " ind2=" ">
    <subfield code="a">345.06</subfield>
    <subfield code="b">TAK</subfield>
  </datafield>
  <datafield tag="100" ind1=" " ind2=" ">
    <subfield code="a">TAKWANI C K </subfield>
  </datafield>
  <datafield tag="245" ind1=" " ind2=" ">
    <subfield code="a">BHARATIYA SAKSHYA ADHINIYAM</subfield>
  </datafield>
  <datafield tag="250" ind1=" " ind2=" ">
    <subfield code="a">8</subfield>
  </datafield>
  <datafield tag="260" ind1=" " ind2=" ">
    <subfield code="a">NEW DELHI</subfield>
    <subfield code="b">WHYTES  &amp; CO.</subfield>
    <subfield code="c">2025</subfield>
  </datafield>
  <datafield tag="300" ind1=" " ind2=" ">
    <subfield code="a">892</subfield>
  </datafield>
  <datafield tag="942" ind1=" " ind2=" ">
    <subfield code="2">ddc</subfield>
    <subfield code="c">BK</subfield>
  </datafield>
  <datafield tag="952" ind1=" " ind2=" ">
    <subfield code="0">0</subfield>
    <subfield code="1">0</subfield>
    <subfield code="2">ddc</subfield>
    <subfield code="4">0</subfield>
    <subfield code="7">1</subfield>
    <subfield code="8">LAW</subfield>
    <subfield code="a">SSSL</subfield>
    <subfield code="b">SSSL</subfield>
    <subfield code="c">REF</subfield>
    <subfield code="d">2026-02-17</subfield>
    <subfield code="e">ZAFFA BOOKS</subfield>
    <subfield code="g">1180.00</subfield>
    <subfield code="i">SGTU</subfield>
    <subfield code="o">345.06 TAK</subfield>
    <subfield code="p">FL4081</subfield>
    <subfield code="r">2026-02-17 00:00:00</subfield>
    <subfield code="w">2026-02-04</subfield>
    <subfield code="y">BK</subfield>
    <subfield code="k">ZBD0421</subfield>
  </datafield>
  <datafield tag="952" ind1=" " ind2=" ">
    <subfield code="0">0</subfield>
    <subfield code="1">0</subfield>
    <subfield code="2">ddc</subfield>
    <subfield code="4">0</subfield>
    <subfield code="7">0</subfield>
    <subfield code="8">LAW</subfield>
    <subfield code="a">SSSL</subfield>
    <subfield code="b">SSSL</subfield>
    <subfield code="c">TXT</subfield>
    <subfield code="d">2026-02-17</subfield>
    <subfield code="e">ZAFFA BOOKS</subfield>
    <subfield code="g">1180.00</subfield>
    <subfield code="i">SGTU</subfield>
    <subfield code="l">0</subfield>
    <subfield code="o">345.06 TAK</subfield>
    <subfield code="p">FL4082</subfield>
    <subfield code="r">2026-02-17 00:00:00</subfield>
    <subfield code="w">2026-02-04</subfield>
    <subfield code="y">BK</subfield>
    <subfield code="k">ZBD0421</subfield>
  </datafield>
  <datafield tag="952" ind1=" " ind2=" ">
    <subfield code="0">0</subfield>
    <subfield code="1">0</subfield>
    <subfield code="2">ddc</subfield>
    <subfield code="4">0</subfield>
    <subfield code="7">0</subfield>
    <subfield code="8">LAW</subfield>
    <subfield code="a">SSSL</subfield>
    <subfield code="b">SSSL</subfield>
    <subfield code="c">TXT</subfield>
    <subfield code="d">2026-02-17</subfield>
    <subfield code="e">ZAFFA BOOKS</subfield>
    <subfield code="g">1180.00</subfield>
    <subfield code="i">SGTU</subfield>
    <subfield code="l">0</subfield>
    <subfield code="o">345.06 TAK</subfield>
    <subfield code="p">FL4083</subfield>
    <subfield code="r">2026-02-17 00:00:00</subfield>
    <subfield code="w">2026-02-04</subfield>
    <subfield code="y">BK</subfield>
    <subfield code="k">ZBD0421</subfield>
  </datafield>
  <datafield tag="952" ind1=" " ind2=" ">
    <subfield code="0">0</subfield>
    <subfield code="1">0</subfield>
    <subfield code="2">ddc</subfield>
    <subfield code="4">0</subfield>
    <subfield code="7">0</subfield>
    <subfield code="8">LAW</subfield>
    <subfield code="a">SSSL</subfield>
    <subfield code="b">SSSL</subfield>
    <subfield code="c">TXT</subfield>
    <subfield code="d">2026-02-17</subfield>
    <subfield code="e">ZAFFA BOOKS</subfield>
    <subfield code="g">1180.00</subfield>
    <subfield code="i">SGTU</subfield>
    <subfield code="l">0</subfield>
    <subfield code="o">345.06 TAK</subfield>
    <subfield code="p">FL4084</subfield>
    <subfield code="r">2026-02-17 00:00:00</subfield>
    <subfield code="w">2026-02-04</subfield>
    <subfield code="y">BK</subfield>
    <subfield code="k">ZBD0421</subfield>
  </datafield>
  <datafield tag="952" ind1=" " ind2=" ">
    <subfield code="0">0</subfield>
    <subfield code="1">0</subfield>
    <subfield code="2">ddc</subfield>
    <subfield code="4">0</subfield>
    <subfield code="7">0</subfield>
    <subfield code="8">LAW</subfield>
    <subfield code="a">SSSL</subfield>
    <subfield code="b">SSSL</subfield>
    <subfield code="c">TXT</subfield>
    <subfield code="d">2026-02-17</subfield>
    <subfield code="e">ZAFFA BOOKS</subfield>
    <subfield code="g">1180.00</subfield>
    <subfield code="i">SGTU</subfield>
    <subfield code="l">0</subfield>
    <subfield code="o">345.06 TAK</subfield>
    <subfield code="p">FL4085</subfield>
    <subfield code="r">2026-02-17 00:00:00</subfield>
    <subfield code="w">2026-02-04</subfield>
    <subfield code="y">BK</subfield>
    <subfield code="k">ZBD0421</subfield>
  </datafield>
  <datafield tag="999" ind1=" " ind2=" ">
    <subfield code="c">34100</subfield>
    <subfield code="d">34100</subfield>
  </datafield>
</record>
